000 00785nam a2200229Ia 4500
003 OSt
005 20250917094425.0
008 210719s2014 xx 000 0 und d
040 _cAL
041 _aTulu
082 _aT894.3 UGGK
100 _aUGGAPPA POOJARY Ed
_dಉಗ್ಗಪ್ಪ ಪೂಜಾರಿ
_9238997
245 _aKateklena podike; ajji pandina kusal kateklu
_bಕತೆಕ್ಲೆನ ಪೊಡಿಕೆ; ಅಜ್ಜಿ ಪಾಂಡಿನ ಕುಸಲ್ ಕತೆಕ್ಲು
250 _a2
260 _aMangaluru
_bSvayam prakatanalaya
_c2014
300 _aviii,68
_bPB
365 _b40
_cRs
650 _aTulu Fiction
_9238998
650 _aTulu Literature
_9238999
906 _aajji ; Kateklena ; kateklu ; kusal ; pandina ; podike
942 _2ddc
_cBK
999 _c211844
_d211844